00265nam a2200109Ia 4500008004100000082000900041100001400050245002400064260001900088630002400107730002400131100328s9999 xx 000 0 und d b1703 aSharan K. aShakespeares Hamlef bAtmaram & Sons aShakespeares Hamlef aShakespeares Hamlef